10 Northernmost Capital Cities in Asia - Statistics

General Stats
  • This quiz has been taken 3,513 times
    3,239 since last reset
  • The average score is 7 of 10
Answer Stats
Latitude Capital City % Correct
39°87'N Beijing
90%
47°55′N Ulan Bator
90%
51°10′N Nur-Sultan
83%
39°01′N Pyongyang
83%
41°16′N Tashkent
74%
40°24′N Baku
72%
42°52′N Bishkek
69%
41°43′N Tbilisi
69%
40°11′N Yerevan
65%
39°90'N Ankara
51%
No matching quizzes found
Score Distribution
Percent of People with Each Score
Percentile by Number Answered
Your Score History
You have not taken this quiz since the last reset